Сборник с доклади от научно-практическа конференция на тема: Насилието в българското семейство, проведена на 21.04.2023 г. в гр. Велико Търново (Запис номер 500156)
[ съкратено ]
| 000 -Лидер | |
|---|---|
| Лидер | 03300nam a2200361 a 4500 |
| 003 - Код на организацията, давaща контролен номер | |
| Код на организацията, даваща контролен номер | BLK |
| 005 - Дата и час на последна редакция | |
| Дата и час на последна редакция | 20240212083455.0 |
| 007 - Фиксирано поле за физическо описани | |
| Физическо описание | ta |
| 008 - Елементи от данни с фиксирана дължина | |
| Елементи с фиксирана дължина | 221104b bu |||||r|||| 00| | bu d |
| 020 ## - Международен стандартен номер на книга ISBN | |
| ISBN | 9786190016724 |
| 040 ## - Източник на каталожния запис | |
| Код на библиотеката | BLK |
| 041 ## - Код за език | |
| Език | Български |
| Език за КДБФ | Български |
| 080 ## - УДК | |
| 9 (RLIN) | 236016 |
| УДК текст | Базисни нагласи (атитюди) |
| УДК код | 316.647 |
| УДК – определител | (497.2)(06) |
| УДК – код + определител | 316.647(497.2)(06) |
| 080 ## - УДК | |
| 9 (RLIN) | 401709 |
| УДК текст | Физическо малтретиране. Насилие |
| УДК код | 364.632 |
| УДК – определител | (497.2)(06) |
| УДК – код + определител | 364.632(497.2)(06) |
| 084 ## - Класификационен индекс по друга класификация | |
| Авторски знак | Сбо - С 23 |
| 111 ## - Редна дума - Наименование на мероприятие, временен колективен автор, като основен търсещ признак (конференция, симпозиум и др.) | |
| 9 (RLIN) | 490511 |
| Временен колектив/конференция | Научно-практическа конференция Насилието в българското семейство |
| Място на провеждане на конференцията | Велико Търново |
| Дата на провеждане на конференцията | 21.04.2023 |
| 245 ## - Сведения за заглавието | |
| Заглавие | Сборник с доклади от научно-практическа конференция на тема: Насилието в българското семейство, проведена на 21.04.2023 г. в гр. Велико Търново |
| Авторска отговорност | състав. Красимира Петрова ; ред. кол. Красимира Петрова и др. |
| 260 ## - Област на издателските данни | |
| 9 (RLIN) | 209950 |
| Място на издаване | Велико Търново |
| Име на издателя | Фабер |
| Година на издаване | 2023 |
| 300 ## - Физическа характеристика | |
| Брой страници | 247 с. |
| Илюстрации | с табл., диагр., к. |
| Размер | 21 см |
| 380 ## - Жанр | |
| Жанр | Обществени науки |
| 500 ## - Общи забележки | |
| Обща забележка | Други ред.: Велислава Чавдарова, Даниела Тасевска, Ангелина Марковска, Георги Георгиев, Иван Стоянов, Катерина Златкова-Дончева, Манол Манолов, Мариела Тодорова-Колева<br/>Възприетата форма на името на ред. Мариела Тодорова-Колева е Мариела Петкова Тодорова<br/>Пълната форма на името на състав. Красимира Петрова е Красимира Петрова Колева<br/>Съдържа доклади от: Манол Манолов, Красимира Петрова, Даниела Тасевска, Велислава Чавдарова, Георги Георгиев, Мариела Тодорова-Колева, Катерина Златкова-Дончева, Кремена Миланова, Аделина Иванова, Ева Грекова, Илияна Найденова, Милена Маринова, Петя Райкова, Борислава Коджабашева-Хаджиева, Радослав Христов, Живка Тодорова, Росица Димитрова, Боряна Илиева-Михайлова, Ива Шишкова, Ангелина Марковска, Цвета Велчева, Петя Трифонова-Димитрова<br/>Съдържа рец. от Тодор Минев<br/>Библиогр. след отд. докл.<br/>Рез. на бълг. ез. |
| 650 #0 - Допълнително описание по предмет – тема | |
| 9 (RLIN) | 490513 |
| Предметна рубрика | Домашно насилие -- България -- социални проблеми |
| 653 ## - Ключова дума – ненормативна | |
| 9 (RLIN) | 185428 |
| Ключови думи | домашно насилие |
| 653 ## - Ключова дума – ненормативна | |
| 9 (RLIN) | 189119 |
| Ключови думи | конференции |
| 700 1# - Други автори (авторска отговорност) | |
| 9 (RLIN) | 110105 |
| Друг автор | Петрова, Красимира |
| 852 ## - Местоположение | |
| Сигнатура (форматна) | Цб 321397 |
| Отдел | Хранилище |
| 856 ## - Електронен адрес и достъп | |
| Инструкция (цена за достъп) | 0.00 |
| Права за достъп | disable |
| 942 ## - АРТИКУЛИ | |
| Вид на библиотечния документ | Книги |
| Скрит в OPAC | Не |
| 944 ## - СЪЗДАВАНЕ И РЕДАКЦИЯ на ЗАПИСА | |
| Дата на регистрацията/редакция | Христина Везирева |
| Служител, извършил регистрацията/редакцията | 30545 |
| Номер на служител | Нора Радева |
| 999 ## - СИСТЕМНИ КОНТРОЛНИ НОМЕРА | |
| Koha biblionumber | 500156 |
| Koha biblioitemnumber | 500156 |
| 999 ## - СИСТЕМНИ КОНТРОЛНИ НОМЕРА | |
| Koha biblioitemnumber | 500156 |
| 999 ## - СИСТЕМНИ КОНТРОЛНИ НОМЕРА | |
| Koha biblioitemnumber | 500156 |
| 999 ## - СИСТЕМНИ КОНТРОЛНИ НОМЕРА | |
| Koha biblioitemnumber | 500156 |
| Код за отписване | Код за изгубен артикул | Източник на класификационната схема | Код за повреда | Коз за рестрикции | Код за отдаване | Артикулен № | Име на библиотеката - собственик | Име на библиотеката, в която се намира в момента | Статус (Текущо местоположение) | Дата на вписване в системата | Местоположение - отдел | Цена в лева | Инвентарен номер | Систематично азбучна сигнатура | Баркод | Цена в евро | Служебен тип на артикула |
|---|---|---|---|---|---|---|---|---|---|---|---|---|---|---|---|---|---|
| Не е изгубен | Universal Decimal Classification | Не е повреден | само за читалня | ползва се в читалня | 939039 | Регионална библиотека "Любен Каравелов" Русе | Регионална библиотека "Любен Каравелов" Русе | Хранилище | 2024-01-17 | Хранилище | 13.00 | 120000898070 | Цб 321397 | 120000898070 | 6.65 | Книги | |
| Не е изгубен | Universal Decimal Classification | Не е повреден | заемане за дома | 940172 | Регионална библиотека "Любен Каравелов" Русе | Регионална библиотека "Любен Каравелов" Русе | Заемна - подръчен фонд | 2024-02-12 | Заемна - подръчен фонд | 6.00 | 120000899200 | 316.6/С 23 | 120000899200 | 3.07 | Книги |